000 01167nam a2200313Ia 4500
001 ebr10255370
003 CaPaEBR
006 m u
007 cr cn|||||||||
008 030918s2003 enka s 001 0 eng d
020 _z9781860943539
020 _z1860943535
040 _aCaPaEBR
_cCaPaEBR
035 _a(OCoLC)261120572
050 1 4 _aTP248.65.F66
_bH35 2003eb
100 1 _aHalford, N. G.
_q(Nigel G.)
245 1 0 _aGenetically modified crops
_h[electronic resource] /
_cNigel G. Halford.
260 _aLondon :
_bImperial College Press,
_cc2003.
300 _aix, 112 p. :
_bill.
500 _aIncludes index.
533 _aElectronic reproduction.
_bPalo Alto, Calif. :
_cebrary,
_d2009.
_nAvailable via World Wide Web.
_nAccess may be limited to ebrary affiliated libraries.
650 0 _aTransgenic plants.
650 0 _aTransgenic plants
_xHistory.
650 0 _aPlant genetic engineering.
650 0 _aAgricultural biotechnology.
655 7 _aElectronic books.
_2local
710 2 _aebrary, Inc.
856 4 0 _uhttp://site.ebrary.com/lib/rucke/Doc?id=10255370
_zAn electronic book accessible through the World Wide Web; click to view
999 _c14152
_d14152